| 000 | 00495nam a2200181 i 4500 | ||
|---|---|---|---|
| 001 | 63593 | ||
| 005 | 20230411085921.0 | ||
| 008 | 081017b1972 dr a 000 0 spa | ||
| 040 |
_aDRFGD _ spa |
||
| 041 | _aspa | ||
| 050 | 1 | 4 | _a |
| 110 | _aComisión para la diversicacion de la produccion agricola . | ||
| 245 | 0 | 0 | _aprograma de la comision para la diversificacion de la produccion agricola . |
| 260 |
_aSanto Domingo. _c1972 |
||
| 300 | _a511p | ||
| 942 |
_2lcc _cbk |
||
| 946 | _aclperez | ||
| 999 |
_c109267 _d109267 |
||